| 000 | 00649nam a2200145 a 4500 | ||
|---|---|---|---|
| 008 | 120416s1972 ||||||||||||||||| || u | ||
| 050 | _aZ 3579 Nat | ||
| 100 | _aRehman, K. A | ||
| 245 | 1 | 4 |
_aThe national bibliography of Zambia 1970/71 _ccompiled by K.A. Rehman |
| 260 |
_aLusaka _bNational Archives _c(1972?) |
||
| 300 | _avii, 115p. | ||
| 350 | _a0.00 | ||
| 995 |
_aSPECIAL COLLECTIONS _D0.00 _e720402 _FCBU-MAIN LIBRARY (Kitwe) _H1 _I1.00 _jZAM Z 3579 Nat _M1 _UAVAILABLE _y024337 _ZZambiana Collection |
||
| 995 |
_aSPECIAL COLLECTIONS _D0.00 _e720403 _FCBU-MAIN LIBRARY (Kitwe) _H1 _I0.00 _jZAM Z 3579 NAT _M1 _UAVAILABLE _WNov 27, 2007 _y55825 _ZZambiana Collection |
||
| 999 |
_c78704 _d78704 |
||